Evaluación inicial de riesgos laborales, por el área de trabajo en finca Siles Plantation Family Group
El presente estudio tiene como objetivo evaluar los riesgos laborales que permitan reducir y controlar las posibles afectaciones en el funcionamiento de la empresa, las condiciones inseguras y las situaciones de riesgos a las que están expuestas los trabajadores.
| Main Authors: | , , |
|---|---|
| Other Authors: | |
| Format: | Tesis Section = Libro |
| Language: | Undetermined Spanish |
| Published: |
Managua
UNI
2021
|
| Subjects: |
| LEADER | 01225nam a2200289Ia 4500 | ||
|---|---|---|---|
| 008 | 240830s9999 xx 000 0 und d | ||
| 040 | |a BIBLIOTECA-RUPAP/ Mon 363.11 H632 | ||
| 041 | |a spa | ||
| 082 | |a Mon 363.11 H632 | ||
| 100 | 1 | |a Hidalgo Rugama, Yennifer Yosseling | |
| 100 | 1 | |b Rodríguez Pineda, María del Pilar | |
| 100 | 1 | |c Úbeda Lanuza, Michael Francisco | |
| 245 | 1 | 0 | |a Evaluación inicial de riesgos laborales, por el área de trabajo en finca Siles Plantation Family Group |
| 260 | |a Managua |b UNI |c 2021 | ||
| 300 | |a 163 p. :il. | ||
| 500 | |a Contiene: anexos y CD. | ||
| 502 | |a Tesis (Ingeniero Industrial) - UNI, 2021. | ||
| 520 | 3 | |a El presente estudio tiene como objetivo evaluar los riesgos laborales que permitan reducir y controlar las posibles afectaciones en el funcionamiento de la empresa, las condiciones inseguras y las situaciones de riesgos a las que están expuestas los trabajadores. | |
| 650 | 7 | |a EVALUACION DE RIESGOS-NICARAGUA | |
| 650 | 7 | |b SEGURIDAD INDUSTRIAL | |
| 650 | 7 | |c SEGURIDAD OCUPACIONAL | |
| 650 | 7 | |d ACCIDENTES DE TRABAJO | |
| 650 | 7 | |e SALUD OCUPACIOAL. | |
| 700 | 1 | |a Tutor: |b Alfaro Benavides, Francis Alfaro | |
| 942 | |c BK |2 ddc | ||
| 991 | |a TESIS | ||
| 999 | |c 19138 | ||